| 000 | 00526nam a22001937a 4500 | ||
|---|---|---|---|
| 003 | koha_MIRAKIL | ||
| 005 | 20231213095604.0 | ||
| 008 | 231213b |||||||| |||| 00| 0 ||| d | ||
| 020 | _b978-9-75331947-8 | ||
| 040 |
_aTR-IsEVY _btur _cTR-IsEVY |
||
| 082 | _a823 HOP/P | ||
| 100 | _aHopkins, Cathy. | ||
| 245 | 0 | _aPop prensesi | |
| 260 |
_bEpsilon Yayıncılık, _c2006 |
||
| 300 | _a138 s. | ||
| 650 | _aEnglish literature -- Fiction -- Youth. | ||
| 650 | _aİngiliz edebiyatı -- Roman -- Gençlik. | ||
| 942 |
_2ddc _cBK |
||
| 999 |
_c6143 _d6143 |
||